00391nam a2200109Ia 4500008004100000100002200041245008300063260002600146300001800172650001200190856007900202160712s9999 xx 000 0 und d aDilla, Ed Adrian. cEd Adrian Dilla,aGrowth of anatase titanium dioxide nanotubes via anodization c2012bScience Diliman avol. 24 no. 1 xSCIENCE uhttp://journals.upd.edu.ph/index.php/sciencediliman/issue/view/341/showToc